01461cam a22003134a 4500999001700000001000900017005001700026008004100043010001700084020002200101020001500123050002100138100001900159245009600178260005800274300004900332500021900381504006000600610005400660610006500714650006800779650003400847650003600881700002200917710003200939710003900971942001501010952012201025 c23705d237051312273420170127091152.0030313s2003 vauab bc 001 0 eng  a 2003045384 a0883971402 (pbk.) a088397141000aN7860b.D87 20031 aDuston, Allen.10aSaint Peter and the Vatican :bthe legacy of the popes /cAllen Duston and Roberto Zagnoli. aAlexandria, Va. :bArt Services International,c2003. a521 p. :bill. (chiefly col.), map ;c30 cm. aCatalog of an exhibition organized by Arts Services International and held at the Houston Museum of Natural Science, Museum of Art (Fort Lauderdale, Fla.), Cincinnati Museum Center, and the San Diego Museum of Art. aIncludes bibliographical references (p. 505) and index.20aCatholic ChurchxLiturgical objectsvExhibitions.20aVatican Palace (Vatican City)xArt collectionsvExhibitions. 0aChristian art and symbolismyModern period, 1500-vExhibitions. 0aPapacyxHistoryvExhibitions. 0aArtzVatican CityvExhibitions.1 aZagnoli, Roberto.2 aArt Services International.2 aHouston Museum of Natural Science. 2lcccBOOKS 00102lcc4070aMUCbMUCcTECHd2017-01-27eDonation(BFA)l0oN 7860 .D87 2003p31799r2018-05-31w2017-01-27yBOOKS